000 00896nam a2200301Ia 4500
001 dia_1670
003 CHAP
005 20230327093907.0
008 220117s2000 xx 000 0 und d
010 _a172215
020 _a84-79-78-447-4
040 _cCHAP
082 _a664 B45 2000
100 _aBello Gutiérrez, José
_9151301
245 _aCiencia bromatológica : principios generales de los alimentos /
_c José Bello Gutiérrez
260 _aEspaña :
_b Díaz de Santos,
_c2000
300 _axviii, 577 p.
503 _aI. 214924
504 _aIncluye bibliografías
590 _aTX545 B45 2000
650 _aAlimentos
_xAnálisis
_94164
650 _aAlimentos
_xComposición
_9147780
650 _aFood analysis
_9147879
901 _a664 B45 2000
902 _aM
905 _a5232272000 sp an 8222223322spa16
942 _cLIBRO
_2ddc
999 _c172215
_d172215